<?xml version="1.0" encoding="UTF-8"?>
<marc:record xmlns:marc="http://www.loc.gov/MARC21/slim">
   <marc:leader>00000nam a2200000 a 4500</marc:leader>
   <marc:datafield ind1="1" ind2=" " tag="100">
      <marc:subfield code="a">Bühring, Ursel</marc:subfield>
      <marc:subfield code="4">aut</marc:subfield>
      <marc:subfield code="e">Verfasser/-in</marc:subfield>
   </marc:datafield>
   <marc:datafield ind1="0" ind2="0" tag="245">
      <marc:subfield code="a">Alles über Heilpflanzen</marc:subfield>
   </marc:datafield>
   <marc:datafield ind1="0" ind2="0" tag="245">
      <marc:subfield code="b">erkennen, anwenden und gesund bleiben</marc:subfield>
   </marc:datafield>
   <marc:datafield ind1="0" ind2="0" tag="245">
      <marc:subfield code="c">Ursel Bühring. 71 farbige Zeichn. von Lutz-Erich Müller, Leipzig</marc:subfield>
   </marc:datafield>
   <marc:datafield ind1=" " ind2="1" tag="264">
      <marc:subfield code="a">Stuttgart</marc:subfield>
      <marc:subfield code="b">Ulmer</marc:subfield>
      <marc:subfield code="c">2015</marc:subfield>
   </marc:datafield>
   <marc:datafield ind1="1" ind2=" " tag="520">
      <marc:subfield code="a">Angaben aus der Verlagsmeldung

Alles über Heilpflanzen : Erkennen, anwenden und gesund bleiben / von Ursel Bühring

Bleiben Sie gesund mit Heilpflanzen und tauchen Sie ein in die Welt der Heilkräuter, Tees und Salben. Wie stellt man eine Ringelblumensalbe her? Was ist die Wirkung von Kamillentee? Welches Hausmittel hilft bei Halsschmerzen? Welche Heilpflanzen kann ich im Kräutergarten anbauen? In diesem Standardwerk gibt die Phytotherapie-Expertin Ursel Bühring Antwort auf all diese Fragen. Sie vermittelt das Basiswissen über Wirkstoffe und Anwendung von Heilkräutern und stellt über 70 Heilpflanzen in Porträts vor. Ein Kapitel zeigt, welche Heilpflanzen man bei welcher Krankheit einsetzen kann. Zahlreiche Rezepte und ein Sammelkalender machen das Buch zu einem unverzichtbaren Begleiter.
</marc:subfield>
   </marc:datafield>
   <marc:datafield ind1=" " ind2=" " tag="020">
      <marc:subfield code="a">9783800183845</marc:subfield>
      <marc:subfield code="9">9783800183845</marc:subfield>
   </marc:datafield>
   <marc:datafield ind1=" " ind2=" " tag="020">
      <marc:subfield code="a">3800183846</marc:subfield>
      <marc:subfield code="9">3800183846</marc:subfield>
   </marc:datafield>
   <marc:datafield ind1=" " ind2=" " tag="300">
      <marc:subfield code="a">367 S.</marc:subfield>
   </marc:datafield>
</marc:record>
